000 00600nam a2200205 a 4500
999 _c5683
_d5683
001 5683
003 BD-JhCC
005 20221124134023.0
008 171219s2013 bg |||| |||| 000 0 ben d
035 _a(BD-JhCC)
040 _aBD-JhCC
_dBD-JhCC
041 _aben
082 _a891.443
_bAHA 2013
100 _aআহমেদ, হুমায়ূন
245 _aনন্দিত নরকে /
_cহুমায়ূন আহমেদ
260 _aঢাকা:
_bঅন্য প্রকাশ;
_c২০০৯
300 _a77 p.;
_c22 cm
650 _aBangal Novel
942 _2ddc
_cBK
_039